Figments of reality : (رقم التسجيلة. 32558)

تفاصيل مارك
000 -الفاتح
حقل البيانات ثابتة الطول 01415cam a2200361 a 4500
001 - رقم الضبط
رقم الضبط 3055044
003 - محدد رقم الضبط
رقم الضبط OSt
005 - وقت وتاريخ اخر تعامل مع التسجيلة
رقم الضبط 20150408114157.0
008 - عناصر البيانات ثابتة الطول - معلومات عامة
حقل البيانات ثابتة الطول 961112s1997 enka b 001 0 eng
010 ## - رقم ضبط مكتبة الكونجرس
رقم ضبط مكتبة الكونجرس 96049357
020 ## - الرقم الدولى المعيارى للكتب
الرقم الدولى المعيارى للكتاب 0521571553 (hardcover)
020 ## - الرقم الدولى المعيارى للكتب
الرقم الدولى المعيارى للكتاب 0521663830 (pbk.)
040 ## - مصدر الفهرسة
وكالة الفهرسة الأصلية DLC
وكالة النسخ DLC
وكالة التعديل DLC
050 00 - رقم طلب مكتبة الكونجرس
رقم التصنيف BF311
رقم المادة .S679 1997
082 00 - رقم تصنيف ديوى العشرى
رقم التصنيف 153.42
رقم الطبعة 21
رقم المادة SIF
100 1# - المدخل الرئيسى - إسم شخصى
الإسم الشخصى Stewart, Ian,
التواريخ المصاحبة للاسم 1945-
9 (RLIN) 40884
245 10 - بيان العنوان
العنوان Figments of reality :
بقية العنوان the evolution of the curious mind /
بيان المسئوليه,etc Ian Stewart and Jack Cohen.
260 ## - PUBLICATION, DISTRIBUTION, ETC. (IMPRINT)
مكان الناشر او الموزع Cambridge ;
-- New York :
اسم الناشر او الموزع Cambridge University Press,
تاريخ النشر أو التوزيع 1997.
300 ## - الوصف المادى
التعداد xiii, 325 p. :
تفاصيل ماديه اخرى للوعاء ill. ;
أبعاد الوعاء 24 cm.
504 ## - تبصرة ببليوجرافية
تبصرة ببليوجرافية,الخ Includes bibliographical references (p. 313-316) and index.
650 #0 - المدخل الاضافى بالموضوع-مصطلح موضوعى
مصطلح موضوعي أو اسم جغرافي كعنصر مدخل Cognition and culture.
9 (RLIN) 40885
650 #0 - المدخل الاضافى بالموضوع-مصطلح موضوعى
مصطلح موضوعي أو اسم جغرافي كعنصر مدخل Consciousness.
9 (RLIN) 40886
650 #0 - المدخل الاضافى بالموضوع-مصطلح موضوعى
مصطلح موضوعي أو اسم جغرافي كعنصر مدخل Intellect.
9 (RLIN) 39710
650 #0 - المدخل الاضافى بالموضوع-مصطلح موضوعى
مصطلح موضوعي أو اسم جغرافي كعنصر مدخل Genetic psychology.
9 (RLIN) 40887
650 #0 - المدخل الاضافى بالموضوع-مصطلح موضوعى
مصطلح موضوعي أو اسم جغرافي كعنصر مدخل Cultural pluralism.
9 (RLIN) 4281
700 1# - المدخل الاضافى - اسم شخصى
الإسم الشخصى Cohen, Jack.
9 (RLIN) 40888
856 41 - الوصول و الموقع الالكترونى
مواد محددة Sample text
معرف المصدر الموحد <a href="http://www.loc.gov/catdir/samples/cam031/96049357.html">http://www.loc.gov/catdir/samples/cam031/96049357.html</a>
856 42 - الوصول و الموقع الالكترونى
مواد محددة Publisher description
معرف المصدر الموحد <a href="http://www.loc.gov/catdir/description/cam028/96049357.html">http://www.loc.gov/catdir/description/cam028/96049357.html</a>
856 41 - الوصول و الموقع الالكترونى
مواد محددة Table of contents
معرف المصدر الموحد <a href="http://www.loc.gov/catdir/toc/cam021/96049357.html">http://www.loc.gov/catdir/toc/cam021/96049357.html</a>
906 ## - عنصر بيانات محلى F, LDF (RLIN)
a 7
b cbc
c orignew
d 1
e ocip
f 19
g y-gencatlg
942 ## - عناصر المدخل الإضافي( كوها)
مصدر التصنيف او مخطط الترفيف Dewey Decimal Classification
Koha [default] item type DVD
المقتنيات
حالة الفقد نموذج السعر الفعال حالة تلف ليس للاعارة رقم الطلب تاريخ الاكتساب الموقع الحالي الباركود الفرع الرئيسي Date last seen نوع المادة فى نظام كوها مصدر التصنيف او خطة الترفيف Total Checkouts
  2013-12-12     153.42 SIF 2013-12-12 المكتبة المركزية بالمجمعة (CL) 00452795 المكتبة المركزية بالمجمعة (CL) 2013-12-12 كتاب Dewey Decimal Classification  
  2013-12-12     153.42 SIF 2013-12-12 المكتبة المركزية بالمجمعة (CL) 00452796 المكتبة المركزية بالمجمعة (CL) 2013-12-12 كتاب Dewey Decimal Classification  
  2013-12-12     153.42 SIF 2013-12-12 المكتبة المركزية بالمجمعة (CL) 00452797 المكتبة المركزية بالمجمعة (CL) 2013-12-12 كتاب Dewey Decimal Classification  
  2013-12-12     153.42 SIF 2013-12-12 مكتبة مجمع الكليات بالزلفى - طلاب (SZM) 00452798 مكتبة مجمع الكليات بالزلفى - طلاب (SZM) 2013-12-12 كتاب Dewey Decimal Classification  
  2013-12-12     153.42 SIF 2013-12-12 مكتبة مجمع الكليات بالزلفى - طلاب (SZM) 00452799 مكتبة مجمع الكليات بالزلفى - طلاب (SZM) 2013-12-12 كتاب Dewey Decimal Classification  
  2013-12-12     153.42 SIF 2013-12-12 مكتبة مجمع الكليات بالزلفى - طلاب (SZM) 00452800 مكتبة مجمع الكليات بالزلفى - طلاب (SZM) 2013-12-12 كتاب Dewey Decimal Classification